| 000 | 01116nam a2200265Ia 4500 | ||
|---|---|---|---|
| 003 | OSt | ||
| 005 | 20220923210959.0 | ||
| 006 | a|||||r|||| 00| 0 | ||
| 007 | ta | ||
| 008 | 220922b |||||||| |||| 00| 0 urd d | ||
| 020 |
_a817016088X (hbk) _c297.5 |
||
| 024 | _a245,318 | ||
| 037 |
_bIN-01143, 16/02/2011, Kitab Ghar Prakashan _cTextual |
||
| 040 |
_aARTS _cARTS _burd |
||
| 041 |
_2urd _aurd |
||
| 082 | _aO168,2N12x, 152N1;Q0 | ||
| 100 |
_aसआदत हसन; नरेन्द्र मोहन, संपा. _9156797 |
||
| 245 | 0 | _aसआदत हसन मंटो के नाटक, सम्पा नरेन्द्र मोहन | |
| 246 | _aSaādat hasan hinṭo ke nāṭaka, sampā narendra mohana | ||
| 260 |
_aदिल्ली _b किताबघर _c2010 |
||
| 300 |
_a407पृ0 _ccm. |
||
| 650 |
_aउर्दू साहित्य _9156798 |
||
| 942 |
_hO168,2N12x, 152N1;Q0 _cTEXL _2CC |
||
| 999 |
_c293450 _d293450 |
||